[Event "Attica-ch U10"]
[Site "Athens"]
[Date "2014.04.11"]
[Round "1.3"]
[White "Skoularikis, Klearchos"]
[Black "Kasioumis, Vasilios"]
[Result "0-1"]
[WhiteElo "1005"]
[BlackElo "1471"]
[PlyCount "29"]
[EventDate "2014.04.11"]
[EventType "swiss"]
[EventRounds "7"]
[EventCountry "GRE"]
[SourceTitle "EXT 2024"]
[Source "ChessBase"]
[SourceDate "2023.10.10"]
[SourceVersion "1"]
[SourceVersionDate "2023.10.10"]
[SourceQuality "1"]

1. c4 e6 2. Nc3 d5 3. cxd5 exd5 4. g3 Bf5 5. Bg2 c6 6. d3 Nf6 7. Nf3 Bd6 8. 0-0 0-0 9. Bg5 h6 10. Bxf6 Qxf6 11. Re1 Bg4 12. Rc1 d4 13. a3 dxc3 14. bxc3 Bxa3 15. Rb1 0-1